01475nab a22002777a 4500999001500000003000400015005001700019008004100036040000700077100003100084245019400115260007300309300001500382500007200397505026000469505008900729650003500818650003400853650002600887650003300913650002200946650003800968650003901006773013901045942001301184 c5689d5689OSt20251227002819.0190603e xxum|||| |||| 00| 0 spa d cPJ 96631aSahián, José H. 13aLa influencia del Código Civil y Comercial en la actual convencionalización del derecho de los consumidores y en la futura horizontalidad de los derechos humanos /cJosé H. Sahián.  cCiudad Autónoma de Buenos Aires :aThomson Reuters La Ley, b2025. ap. 253-267 aCita: TR LALEY AR/DOC/1762/2025 Publicado en: RCCyC 2025 (agosto). aSumario: I. Introducción: constitucionalización del derecho privado.— II. Convencionalización del derecho privado en general y de los consumidores en particular.— III. Privatización de la convencionalización.— IV. Consideraciones finales.  t¿Te interesa el texto completo? Solicitalo al correo: koha@justierradelfuego.gov.ar 091497aCODIGO CIVIL Y COMERCIAL 092608aDERECHOS DEL CONSUMIDOR 09614aDERECHOS HUMANOS 092597aDEFENSA DEL CONSUMIDOR 09843aOBLIGACIONES 096132aCONTROL DE CONVENCIONALIDAD 09755aCONTROL DE CONSTITUCIONALIDAD0 0271393170dCiudad Autónoma de Buenos Aires : Thomson Reuters La Ley, 2015-tRevista Código Civil y Comercial. Nº 4 - Agosto 2025 2udccANA